|
|
|
|
| LEADER |
00000nab a2200000 ar4500 |
| 001 |
vtls010169346 |
| 003 |
SK-MaSNL |
| 005 |
20260303092009.0 |
| 008 |
100917c20100907xo |||||||||||000 b|slo |
| 015 |
|
|
|a SNBRB2010/09
|2 snkbucl
|
| 038 |
|
|
|a SNKBUCL
|
| 040 |
|
|
|a SNKBUCL
|b slo
|c SNKBUCL
|e AACR2
|
| 041 |
0 |
|
|a slo
|
| 044 |
|
|
|a xo
|c SK
|
| 080 |
|
|
|a 796.323.2.093.1
|x (100)
|2 2001
|
| 245 |
0 |
0 |
|a Turci si postup zaslúžili
|b XVI. Majstrovstvá sveta v basketbale mužov (28.8.-12.9.2010)
|
| 300 |
|
|
|b Fotogr., tab.
|
| 611 |
2 |
7 |
|a Majstrovstvá sveta basketbalistov
|n (16. :
|d 2010 :
|c Turecko)
|2 snkbucl
|9 1100861
|
| 650 |
0 |
7 |
|a basketbal
|2 snkbucl
|9 3290
|
| 650 |
0 |
7 |
|a muži
|2 snkbucl
|9 4888
|
| 773 |
0 |
|
|t Šport
|g Roč. 64 , č. 206 (7.9.2010), s. 38
|x 0139-7001
|
| 852 |
|
|
|a SNK
|b KIS3GCP
|
| 999 |
|
|
|c 1810285
|d 1812215
|